00688nam a2200193Ia 4500008004100000020001800041082001700059100006100076245006300137250000800200260004200208300003000250500001900280600002700299650001500326942000700341952013100348999001500479240925s9999 xx 000 0 und d a9788131720479 a629.8312 HOP aHopcroft, E. John; Motwani, Rajeev; Ullman ,Jeffrey D. 0aIntroduction to Automata Theory, Languages and Computation a3rd aNew Delhi:bPearson Educationc,2007. axxiii,707p.bNAfOriginal aIncludes Index aElectronic Engineering aTechnology cBK 001040708ELaUITUbUITUd2008-05-06eCitizen Book Shopg325.00l0o629.8312 HOPpQ7467r2024-09-25 07:14:37w2024-09-25yBK c9966d9966